Performing engineering operations (Record no. 81794)

MARC details
000 -LEADER
fixed length control field 01507nam a2200253 a 4500
008 - FIXED-LENGTH DATA ELEMENTS--GENERAL INFORMATION
fixed length control field 150429s2012 ||||||||||||||||| || u
020 ## - INTERNATIONAL STANDARD BOOK NUMBER
International Standard Book Number 9780435075071
050 ## - LIBRARY OF CONGRESS CALL NUMBER
Classification number TA 190 Per
100 ## - MAIN ENTRY--PERSONAL NAME
Personal name Scanlon, Stephen
245 10 - TITLE STATEMENT
Title Performing engineering operations
Statement of responsibility, etc by Terry Grimwood
260 ## - PUBLICATION, DISTRIBUTION, ETC. (IMPRINT)
Place of publication, distribution, etc England
Name of publisher, distributor, etc Pearson Education Limited
Date of publication, distribution, etc 2012
300 ## - PHYSICAL DESCRIPTION
Extent x, 390p. :ill.
350 ## -
-- 47.24
650 ## - SUBJECT ADDED ENTRY--TOPICAL TERM
Topical term or geographic name as entry element ENGINEERING MANAGEMENT
700 ## - ADDED ENTRY--PERSONAL NAME
Personal name Tooley, Richard
700 ## - ADDED ENTRY--PERSONAL NAME
Personal name Grimwood, Terry
700 ## - ADDED ENTRY--PERSONAL NAME
Personal name Tooley, Mike
995 ## - RECOMMENDATION 995 [LOCAL, UNIMARC FRANCE]
-- CBU-MAIN LIBRARY (Kitwe)
-- 47.24
-- 6
-- AVAILABLE
-- May 13, 2015
-- Annex Low-Usage Collection
995 ## - RECOMMENDATION 995 [LOCAL, UNIMARC FRANCE]
-- CBU-MAIN LIBRARY (Kitwe)
-- 47.24
-- 3
-- AVAILABLE
-- May 13, 2015
-- Annex Low-Usage Collection
995 ## - RECOMMENDATION 995 [LOCAL, UNIMARC FRANCE]
-- CBU-MAIN LIBRARY (Kitwe)
-- 47.24
-- 4
-- AVAILABLE
-- May 13, 2015
-- Annex Low-Usage Collection
995 ## - RECOMMENDATION 995 [LOCAL, UNIMARC FRANCE]
-- CBU-MAIN LIBRARY (Kitwe)
-- 47.24
-- 2
-- AVAILABLE
-- May 13, 2015
-- Main Library Open Access Collection
995 ## - RECOMMENDATION 995 [LOCAL, UNIMARC FRANCE]
-- CBU-MAIN LIBRARY (Kitwe)
-- 47.24
-- 5
-- AVAILABLE
-- May 13, 2015
-- Annex Low-Usage Collection
995 ## - RECOMMENDATION 995 [LOCAL, UNIMARC FRANCE]
-- CBU-MAIN LIBRARY (Kitwe)
-- 47.24
-- 1
-- AVAILABLE
-- May 13, 2015
-- Main Library Open Access Collection
Holdings
Withdrawn status Lost status Source of classification or shelving scheme Damaged status Not for loan Permanent Location Current Location Shelving location Date acquired Total Checkouts Full call number Barcode Date last seen Copy number Price effective from Koha item type
          CBU-MAIN LIBRARY, KITWE. CBU-MAIN LIBRARY, KITWE.   09/05/2023   TA 190 Per 745300 09/05/2023 1 09/05/2023 MONOGRAPH
          CBU-MAIN LIBRARY, KITWE. CBU-MAIN LIBRARY, KITWE.   09/05/2023   TA 190 Per 745297 09/05/2023 2 09/05/2023 MONOGRAPH
          CBU-MAIN LIBRARY, KITWE. CBU-MAIN LIBRARY, KITWE.   09/05/2023   TA 190 Per 745298 09/05/2023 3 09/05/2023 MONOGRAPH
          CBU-MAIN LIBRARY, KITWE. CBU-MAIN LIBRARY, KITWE.   09/05/2023   TA 190 Per 745296 09/05/2023 4 09/05/2023 MONOGRAPH
          CBU-MAIN LIBRARY, KITWE. CBU-MAIN LIBRARY, KITWE.   09/05/2023   TA 190 Per 745299 09/05/2023 5 09/05/2023 MONOGRAPH
          CBU-MAIN LIBRARY, KITWE. CBU-MAIN LIBRARY, KITWE.   09/05/2023   TA 190 Per 745295 09/05/2023 6 09/05/2023 MONOGRAPH